000 004410000a22001810004500
003 MACL
005 20150910140644.0
008 150910b xxu||||| |||| 00| 0 eng d
040 _aMACL
_cMACL
041 _aEnglish
082 _a821/KAU
100 _aKaul, H.K.
_96346
245 _aPoetry India
_bVoices For The Future
260 _bVirgo Publication
_c1993
_aNew Delhi
350 _a120
650 _aPoetry
_99892
942 _cBK
_k821
_2ddc
999 _c3551
_d3551